| 000 | 00000nam##2200000za#4500 |
| 001 | 9.693522 |
| 003 | CaOODSP |
| 005 | 20210624233714 |
| 007 | cr ||||||||||| |
| 008 | 150407|2001||||xxc|||||o f|0| 0 eng|d |
| 040 | |aCaOODSP|beng |
| 043 | |an-cn--- |
| 086 | 1 |aA22-226/2001E-PDF |
| 110 | 1 |aCanada.|bAgriculture and Agri-Food Canada. |bPolicy Branch. |
| 245 | 10|aVertical linkages in agri-food supply chains in Canada and the United States / |h[electronic resource]|cby Jill E. Hobbs and Linda M. Young. |
| 260 | |aOttawa - Ontario : |bAgriculture and Agri-Food Canada. |c2001. |
| 300 | |a83p.|bfigs., references, tables |
| 500 | |a"This report describes the nature of vertical linkages in agriculture, ranging from spot markets to vertical integration. It reviews the applied and theoretical literature relating to vertical coordination."--Executive summary. |
| 500 | |aThe catalogue number (A22-226/2001E) and ISBN (0-662-30781-X) for the print edition have been incorrectly copied into this PDF edition. |
| 590 | |a10-05-Supp|b2010-07-20 |
| 690 | 07|aAgri-food industry|2gcpds |
| 690 | 07|aMarket analysis|2gcpds |
| 720 | 1 |aYoung, Linda M. |
| 720 | 1 |aHobbs, Jill E. |
| 775 | 08|tLes liens verticaux dans les chaînes d'approvisionnement agroalimentaire au Canada et aux États-Unis / |w(CaOODSP)9.637700 |
| 776 | 0#|tVertical linkages in agri-food supply chains in Canada and the United States / |w(CaOODSP)9.648246 |
| 856 | 40|ahttp://publications.gc.ca|qPDF|s944 KB|uhttps://publications.gc.ca/collections/Collection/A22-226-2001E.pdf |